[Event "TCh-MKD"]
[Site "Struga MKD"]
[Date "2010.08.11"]
[Round "3"]
[White "Stojanovski,D"]
[Black "Nikoloski,K"]
[Result "1-0"]
[WhiteElo "2437"]
[BlackElo "2142"]

1.e4 e6 2.d4 d5 3.Nc3 Bb4 4.e5 b6 5.a3 Bf8 6.Bb5+ c6 7.Ba4 a5 8.Nce2 Ba6
9.c3 Bb5 10.Bc2 a4 11.Nf3 c5 12.O-O Ne7 13.Re1 Ng6 14.g3 Nc6 15.h4 Qd7 16.Kg2 Na5
17.h5 Ne7 18.Nf4 Ng8 19.Be3 Be7 20.g4 Nc4 21.Rb1 Nxe3+ 22.fxe3 Nh6 23.g5 Nf5
24.Bxf5 exf5 25.Kf2 Bc6 26.Rg1 Qb7 27.Qd3 g6 28.Rh1 O-O-O 29.Rh2 c4 30.Qc2 Rdg8
31.Rbh1 Be8 32.hxg6 fxg6 33.Rxh7 Rxh7 34.Rxh7 Qd7 35.Qc1 Qd8 36.Qh1 Qd7 37.Qh6 Kd8
38.Qh2 Qb5 39.Kg3  1-0

[Event "49th WJun"]
[Site "Chotowa POL"]
[Date "2010.08.12"]
[Round "9"]
[White "Simonian,H"]
[Black "Stupak,K"]
[Result "0-1"]
[WhiteElo "2494"]
[BlackElo "2504"]

1.e4 e6 2.d4 d5 3.Nc3 Bb4 4.e5 Qd7 5.Ne2 b6 6.Nf4 Ba6 7.Bxa6 Nxa6 8.a3 Bf8
9.Be3 c5 10.O-O Ne7 11.Qe2 cxd4 12.Bxd4 Nb8 13.Nb5 Nf5 14.g4 Nxd4 15.Nxd4 Bc5
16.Nf3 O-O 17.h4 Nc6 18.h5 f6 19.Rae1 Rae8 20.Nd3 f5 21.g5 f4 22.Nh4 f3 23.Nxf3 Rf5
24.Nh2 Rxg5+ 25.Kh1 Qf7 26.h6 Rh5 27.Qg4 Rxh6 28.b4 Bf8 29.Re3 Ne7 30.Rh3 Rxh3
31.Qxh3 Rc8 32.Nf3 Qf5 33.Qxf5 Nxf5 34.Ng5 Rc6 35.Nf4 Be7 36.Ngxe6 Kf7 37.Rg1 Rc4
38.Rg4 g5 39.Nxg5+ Bxg5 40.e6+ Kf8 41.e7+ Bxe7  0-1

[Event "FSGM August"]
[Site "Budapest HUN"]
[Date "2010.08.13"]
[Round "7"]
[White "Mihok,O"]
[Black "Hoang Thanh Trang"]
[Result "1-0"]
[WhiteElo "2357"]
[BlackElo "2501"]

1.e4 e6 2.d4 d5 3.Nc3 Bb4 4.e5 b6 5.a3 Bf8 6.Nf3 Ne7 7.Bb5+ c6 8.Ba4 Bd7
9.O-O c5 10.Nb5 Nf5 11.c4 a6 12.Bg5 Qc8 13.Nc3 cxd4 14.Nxd4 Nxd4 15.Qxd4 h6
16.Be3 Qxc4 17.Qxc4 dxc4 18.Bxb6 Nc6 19.Rfd1 Rb8 20.Ba5 Nxe5 21.Rxd7 Nxd7
22.Rd1 Bc5 23.Bxd7+ Kf8 24.Bc6 Kg8 25.Na4 Be7 26.Kf1 Bf6 27.Be4 h5 28.Bc7 Rb5
29.Rc1 Bxb2 30.Nxb2 Rxb2 31.Rxc4 f5 32.Bc2 Kh7 33.Be5 Rb5 34.f4 Rd8 35.Rc7 Rd2
36.Rxg7+ Kh6 37.Rc7 h4 38.Rc6 Kh7 39.Rc3 Kg6 40.Rc6 Kf7 41.Rc7+ Kf8 42.h3 a5
43.Bf6 Rb6 44.Kg1 Rb5 45.Ba4 Rb1+ 46.Kh2 Rf1 47.Rc4 Ra2 48.Be5 Kf7 49.Rc7+ Kf8
50.Bd6+ Kg8 51.Bb3  1-0

[Event "e2e4 Autumn Masters A"]
[Site "Uxbridge ENG"]
[Date "2010.08.14"]
[Round "7"]
[White "Player,E"]
[Black "Nilsson,Anders1"]
[Result "0-1"]
[WhiteElo "2176"]
[BlackElo "2160"]

1.e4 e6 2.d4 d5 3.Nc3 Bb4 4.e5 Ne7 5.Qg4 Nf5 6.Bd3 h5 7.Qf4 Qh4 8.Bxf5 Bxc3+
9.bxc3 Qxf4 10.Bxf4 exf5 11.Rb1 b6 12.e6 Bxe6 13.Bxc7 Nc6 14.Ne2 Kd7 15.Bf4 f6
16.h4 Rhe8 17.c4 dxc4 18.Nc3 Bf7+ 19.Kf1 Ne7 20.f3 Kc6 21.Kf2 Rad8 22.Rhd1 Nd5
23.Nxd5 Rxd5 24.c3 Ra5 25.Rd2 Ra3 26.Rc2 Rg8 27.Re1 Kd7 28.Bc1 Ra5 29.Rce2 Re8
30.Rxe8 Bxe8 31.Re2 Bg6 32.Kg3 f4+ 33.Kxf4 Bb1 34.a3 Bd3 35.Rf2 Rb5 36.Rb2 Rb3
37.Rxb3 cxb3 38.g4 g6 39.g5 fxg5+ 40.Kxg5 b5 41.Kf4 Ke6 42.Ke3 Bc4 43.Ke4 a6
44.Kf4 Kd5 45.Ke3 Bf1 46.Bb2 Bg2 47.Kf2 Bh3 48.Ke3 Kc4 49.Kd2 g5 50.hxg5 Bf5
51.Ke3 h4 52.Kf4 h3 53.Kg3 Kd3 54.d5 Kc2 55.d6 Kxb2 56.g6 Ka1 57.g7 b2 58.g8=Q b1=Q
59.Qh8 Qg1+ 60.Kf4 h2 61.c4+ Kb1 62.Kxf5 h1=Q 63.Qc3 Qc5+ 64.Ke6 Qh6+  0-1

[Event "49th WJun"]
[Site "Chotowa POL"]
[Date "2010.08.16"]
[Round "13"]
[White "Kanarek,M"]
[Black "Sieciechowicz,M"]
[Result "0-1"]
[WhiteElo "2387"]
[BlackElo "2445"]

1.e4 e6 2.d4 d5 3.Nc3 Bb4 4.e5 b6 5.Qg4 Bf8 6.h4 Ba6 7.Bxa6 Nxa6 8.Be3 Qd7
9.h5 O-O-O 10.Nge2 h6 11.Nf4 Ne7 12.Qe2 Kb7 13.a4 Nf5 14.a5 Ra8 15.O-O Be7
16.Rfd1 c6 17.Nb1 Nxe3 18.fxe3 Bg5 19.Nd2 Bxf4 20.exf4 f5 21.c4 Rhg8 22.Ra3 Nc7
23.a6+ Kc8 24.Rc1 Kd8 25.Rac3 Rc8 26.Qf1 Ke7 27.cxd5 cxd5 28.Nf3 Rgd8 29.R1c2 Ne8
30.Qc1 Rxc3 31.Rxc3 Qa4 32.Ra3 Qb4 33.Qc6 Qc4 34.Rc3 Qxc6 35.Rxc6 Kd7 36.Rc3 Rc8
37.Rxc8 Kxc8 38.Kf2 Nc7 39.Ke3 Nxa6 40.Nh2 Nb4 41.Kd2 Nc6 42.Nf3 a5 43.Kd3 Kb7
44.Nh2 Ne7 45.Nf1 Kc6 46.Ne3 Kb5 47.Kc3 Kc6 48.Kd3 b5 49.Kc2 b4 50.b3 Kb5
51.Kb2 a4 52.Nc2 Nc6 53.Ka2 axb3+ 54.Kxb3 Na5+ 55.Kb2 Kc4 56.g4 fxg4 57.f5 exf5
58.e6 Nc6 59.Ne3+ Kxd4 60.Nxf5+ Ke5  0-1

[Event "85th ch-FRA"]
[Site "Belfort FRA"]
[Date "2010.08.18"]
[Round "9"]
[White "Fressinet,L"]
[Black "Bricard,E"]
[Result "1-0"]
[WhiteElo "2697"]
[BlackElo "2478"]

1.e4 e6 2.d4 d5 3.Nc3 Bb4 4.e5 b6 5.a3 Bf8 6.Nf3 Ne7 7.Bd3 Ba6 8.Bxa6 Nxa6
9.Qd3 Nb8 10.Ne2 Ng6 11.c4 Be7 12.cxd5 Qxd5 13.Nc3 Qd7 14.O-O O-O 15.Rd1 Nc6
16.Qe4 Rad8 17.Be3 f5 18.exf6 Bxf6 19.Rd2 Nce7 20.Ng5 Bxg5 21.Bxg5 Rde8 22.Bxe7 Nxe7
23.Re2 Nd5 24.g3 Nxc3 25.bxc3 Qd5 26.Qc2 Rf3 27.Rae1 Qc4 28.Re3 Rxe3 29.Rxe3 c5
30.dxc5 Qxc5 31.Qb3 Qc6 32.a4 h6 33.h4 Kf7 34.Qd1 Kg8 35.Qd4 e5 36.Qd1 Re7
37.a5 bxa5 38.Qd8+ Re8 39.Qxa5 Rb8 40.Re1 Rb5 41.Qxa7 Qxc3 42.Qa8+ Kf7 43.Re3 Qc1+
44.Kg2 Qb1 45.Rf3+ Ke6 46.Qc6+ Ke7 47.Qc7+ Ke6 48.Qxg7  1-0

[Event "Pan-Armenian Olym"]
[Site "Yerevan ARM"]
[Date "2010.08.18"]
[Round "4"]
[White "Nakhapetiane,P"]
[Black "Abrahamyan,T"]
[Result "1-0"]
[WhiteElo "2449"]
[BlackElo "2310"]

1.e4 e6 2.d4 d5 3.Nc3 Bb4 4.e5 Ne7 5.a3 Bxc3+ 6.bxc3 c5 7.a4 Nbc6 8.Nf3 Qa5
9.Qd2 Bd7 10.Be2 O-O 11.Ba3 b6 12.O-O f6 13.exf6 Rxf6 14.Rfb1 c4 15.Ne5 Be8
16.Re1 Ng6 17.Ng4 Rf7 18.g3 Nge7 19.Bf1 Bd7 20.Bb4 Qa6 21.h4 Nf5 22.Ne5 Nxe5
23.Rxe5 Qb7 24.a5 a6 25.Bh3 Qc6 26.h5 Rf6 27.Qe2 Nh6 28.Be7 Nf5 29.Bxf6 gxf6
30.Qg4+ Kh8 31.Ree1 bxa5 32.Qf4 Rg8 33.Bxf5  1-0

[Event "Pan-Armenian Olym"]
[Site "Yerevan ARM"]
[Date "2010.08.20"]
[Round "6"]
[White "Matinian,N"]
[Black "Balaian,Ali"]
[Result "1/2-1/2"]
[WhiteElo "2380"]
[BlackElo "2161"]

1.e4 e6 2.d4 d5 3.Nc3 Bb4 4.e5 Ne7 5.a3 Bxc3+ 6.bxc3 c5 7.Nf3 Qa5 8.Bd2 c4
9.g3 Nbc6 10.Bh3 Bd7 11.a4 O-O-O 12.O-O Rdf8 13.Re1 Nd8 14.Qc1 h6 15.Qa3 Nec6
16.Re2 g5 17.Bg2 f5 18.exf6 Rxf6 19.Be3 Be8 20.Nd2 Bh5 21.Ree1 Bg6 22.Ra2 Qc7
23.Rb2 Qe7 24.Qa2 Rhf8 25.Reb1 Qf7 26.Nxc4 dxc4 27.Qxc4 Qc7 28.Qe2 Be8 29.c4 Na5
30.Rb4 R8f7 31.d5 Qe5 32.Qd3 Qb8 33.Qd4 e5 34.Qd3 Bd7 35.c5 e4 36.Qc3 Qc7
37.Bxe4 b6 38.Qb2 Ndb7 39.c6 Bxc6 40.dxc6 Nxc6 41.Rb3 Nba5 42.Rc3 Qe5 43.Bxc6 Rxc6
44.Rxc6+ Nxc6 45.Qb5 Qe4 46.Qa6+ Rb7 47.Qd3 Qxd3 48.cxd3 Rd7 49.Rd1 Nb4 50.d4 Nd5
51.Kg2 Kb7 52.Kf3 Nc3 53.Ra1 h5 54.Bxg5 Rxd4 55.a5 Rd3+ 56.Be3 b5 57.a6+ Kc6
58.Kf4 b4 59.Bc1 Kb5 60.Ke5 Rf3 61.h3 Rxf2 62.g4 hxg4 63.hxg4 b3 64.g5  1/2-1/2

[Event "46th Akiba Rubinstein Open A"]
[Site "Polanica Zdroj POL"]
[Date "2010.08.21"]
[Round "3"]
[White "Betkowski,A"]
[Black "Strzemiecki,Z"]
[Result "0-1"]
[WhiteElo "2169"]
[BlackElo "2395"]

1.e4 e6 2.d4 d5 3.Nc3 Bb4 4.e5 Ne7 5.Bd2 b6 6.Qg4 O-O 7.Nf3 Ba6 8.Bxa6 Nxa6
9.Ng5 Nf5 10.a3 Be7 11.Ne2 c5 12.Nf3 cxd4 13.Nexd4 Nxd4 14.Qxd4 Qc7 15.c3 Nc5
16.Rd1 Ne4 17.O-O f6 18.Bf4 Bc5 19.Qa4 g5 20.Bc1 g4 21.Nd4 Qxe5 22.Bh6 Rfe8
23.Qd7 Re7 24.Qb5 Bxd4 25.cxd4 Qh5 26.Bf4 Qf5 27.Be3 Kf7 28.Rc1 h5 29.f3 gxf3
30.Rxf3 Qg4 31.Rf4 Qg6 32.Rcf1 Rg8 33.Qe2 Rc7 34.Rh4 Nd6 35.Qxh5 Nf5 36.Qxg6+ Rxg6
37.Rh7+ Rg7 38.Rxg7+ Kxg7 39.Bf2 Rc2 40.g4 Nd6 41.Bg3 Ne4 42.Bb8 a6 43.b4 Rc4
44.Ba7 Rxd4 45.Bxb6 Rc4 46.Kg2 Rc2+ 47.Kg1 e5 48.Rd1 Nc3 49.Rf1 d4 50.Bd8 Nd5
51.g5 fxg5 52.Bxg5 Kg6 53.h4 e4 54.Re1 e3 55.Rd1 e2 56.Re1 d3 57.Kf2 Kf5
58.Kf3 Nc3 59.Be3 d2 60.Bxd2 Rxd2 61.a4 Rd1 62.Kf2 Ke4 63.h5 Kd3  0-1

[Event "46th Akiba Rubinstein Open A"]
[Site "Polanica Zdroj POL"]
[Date "2010.08.22"]
[Round "4"]
[White "Chlost,M"]
[Black "Malec,S"]
[Result "1-0"]
[WhiteElo "2163"]
[BlackElo "2108"]

1.e4 e6 2.d4 d5 3.Nc3 Bb4 4.e5 Ne7 5.h4 c5 6.a3 Bxc3+ 7.bxc3 Qc7 8.Bd2 Bd7
9.Bd3 Ba4 10.Rc1 Nbc6 11.Qg4 c4 12.Be2 O-O-O 13.Qxg7 Nf5 14.Qg4 h5 15.Qf3 Qe7
16.g3 Qxa3 17.Nh3 Rdg8 18.Nf4 b5 19.Nxd5 Rd8 20.Ne3 Nfxd4 21.cxd4 Nxd4 22.Qa8+ Kd7
23.Qxa7+ Kc6 24.Qa6+ Kc5 25.Nxc4 Nf3+ 26.Bxf3 Qxf3 27.Qb6+ Kxc4 28.Qc7+ Kd4
29.O-O b4 30.Rfe1 Bc6 31.Qa7+ Kc4 32.Qa6+ Kc5 33.Qa5+ Bb5 34.Be3+ Kc4 35.Qa2+  1-0

[Event "ch-RUS Higher League"]
[Site "Irkutsk RUS"]
[Date "2010.08.31"]
[Round "6"]
[White "Shukh,N"]
[Black "Shimanov,A"]
[Result "1-0"]
[WhiteElo "2459"]
[BlackElo "2519"]

1.e4 e6 2.d4 d5 3.Nc3 Bb4 4.e5 Ne7 5.a3 Bxc3+ 6.bxc3 c5 7.h4 Qc7 8.Rh3 Nbc6
9.h5 h6 10.Ne2 f6 11.exf6 gxf6 12.Rf3 e5 13.Rxf6 Bg4 14.Rxh6 Rxh6 15.Bxh6 Nf5
16.Bg5 exd4 17.f3 Bxh5 18.g4 Ne5 19.Bg2 Qg7 20.Qd2 Nc4 21.Qf4 Nfe3 22.Kf2 Bxg4
23.fxg4 Kd7 24.Bh3 Rf8 25.Bf6 Qh7 26.Kg3 Nd6 27.g5+ Kc6 28.Bg2 Nxg2 29.Kxg2 Qxc2
30.Qf2 d3 31.Ra2 Qd1 32.Ng3 Nc4 33.Qf3 Qe1 34.Qxd3  1-0

[Event "7th Malaysia Open"]
[Site "Kuala Lumpur MAS"]
[Date "2010.09.02"]
[Round "3"]
[White "Goh Weiming"]
[Black "Jamals,H"]
[Result "1/2-1/2"]
[WhiteElo "2428"]
[BlackElo "2162"]

1.e4 e6 2.d4 d5 3.Nc3 Bb4 4.e5 b6 5.a3 Bxc3+ 6.bxc3 Ba6 7.Bxa6 Nxa6 8.Qd3 Nb8
9.Qg3 Kf8 10.h4 Ne7 11.h5 h6 12.Ne2 Qd7 13.a4 Nbc6 14.Qd3 Na5 15.g4 Qc6 16.f4 Ke8
17.f5 Qc4 18.Qf3 c5 19.O-O Kd7 20.Ba3 Rhe8 21.Qe3 Rac8 22.Bb2 Qa6 23.fxe6+ fxe6
24.Rae1 Rf8 25.Bc1 Qc4 26.Nf4 cxd4  1/2-1/2

[Event "7th Malaysia Open"]
[Site "Kuala Lumpur MAS"]
[Date "2010.09.04"]
[Round "5"]
[White "Milligan,H"]
[Black "Jamals,H"]
[Result "1/2-1/2"]
[WhiteElo "2033"]
[BlackElo "2162"]

1.e4 e6 2.d4 d5 3.Nc3 Bb4 4.e5 b6 5.a3 Bxc3+ 6.bxc3 Ba6 7.Bxa6 Nxa6 8.Qd3 Nb8
9.Nf3 Qd7 10.O-O Ne7 11.a4 Nbc6 12.Bg5 h6 13.Bxe7 Qxe7 14.c4 Nb4 15.Qc3 O-O
16.a5 c5 17.Rfb1 Rac8 18.axb6 axb6 19.dxc5 bxc5 20.Ra5 Rfd8 21.h3 Qc7 22.Rba1 d4
23.Qd2 Qc6 24.Qe2 Ra8 25.Ne1 Rxa5 26.Rxa5 Ra8 27.Rxa8+ Qxa8 28.Nd3 Qa1+ 29.Kh2 Nxd3
30.cxd3 Qc1 31.g3 Qa3 32.Qe4 g6 33.Kg2 Kg7 34.Qf3 Kg8 35.Qe4 Kg7 36.Qf3 Kg8  1/2-1/2

[Event "FSIMA September"]
[Site "Budapest HUN"]
[Date "2010.09.07"]
[Round "4"]
[White "Lengyel,B"]
[Black "Tran Tuan Minh"]
[Result "1-0"]
[WhiteElo "2261"]
[BlackElo "2227"]

1.e4 e6 2.d4 d5 3.Nc3 Bb4 4.e5 b6 5.Qg4 Bf8 6.a4 Ba6 7.Nb5 h5 8.Qg3 h4 9.Qc3 c6
10.Nd6+ Bxd6 11.Bxa6 Bb4 12.Qxb4 Nxa6 13.Qb3 Nh6 14.Nf3 Nf5 15.Bd2 Qd7 16.Qd3 Nc7
17.a5 c5 18.axb6 axb6 19.Rxa8+ Nxa8 20.O-O Nc7 21.Ra1 O-O 22.h3 Qb5 23.Qc3 Qc6
24.dxc5 bxc5 25.Bg5 Nb5 26.Qd2 Ra8 27.Re1 Ra2 28.c3 Na3 29.Qc1 Nc4 30.b3 Na3
31.Qf4 Qb6 32.Nxh4 Nxh4 33.Qxh4 Qxb3 34.Qg3 Qc2 35.Bf6 Qg6 36.Qxg6 fxg6 37.Be7 d4
38.cxd4 Nc2 39.Rd1 c4 40.d5 exd5 41.Rxd5 Ne1 42.e6 Ra6 43.Rd8+ Kh7 44.Bd6 c3
45.e7 c2 46.e8=Q Nf3+ 47.gxf3 c1=Q+ 48.Kg2  1-0

[Event "7th Malaysia Open"]
[Site "Kuala Lumpur MAS"]
[Date "2010.09.07"]
[Round "9"]
[White "Wang Jue"]
[Black "Duong The Anh"]
[Result "1/2-1/2"]
[WhiteElo "2227"]
[BlackElo "2420"]

1.e4 e6 2.d4 d5 3.Nc3 Bb4 4.e5 b6 5.a3 Bf8 6.Bb5+ c6 7.Ba4 a5 8.Nce2 b5 9.Bb3 c5
10.c3 Nd7 11.Nf3 c4 12.Bc2 Nb6 13.O-O Ne7 14.Nf4 g6 15.g4 Qc7 16.Ne1 Bd7
17.h4 O-O-O 18.h5 Nc6 19.Neg2 Be7 20.g5 Rdg8 21.h6 Kb7 22.Nh3 Ra8 23.Qf3 Nd8
24.Ne3 Bc6 25.Ng4 Ka6 26.Bf4 Kb7 27.Nf6 a4 28.Qe3 Ka6 29.Kh2 Nd7 30.Ng1 Nb7
31.Nf3 Nf8 32.Nh4 Qd8 33.Rg1 Na5 34.Raf1 Be8 35.Bd1 Nc6 36.Bf3 Na7 37.Ng2 Bc6
38.Qe2 Qc7 39.Bg3 Qb7 40.Ne3 Bd8 41.Nc2 Ba5 42.Ra1 Nc8 43.Qf1 Ne7 44.Qg2 Rd8  1/2-1/2

[Event "FSIMA September"]
[Site "Budapest HUN"]
[Date "2010.09.09"]
[Round "6"]
[White "Papp,P"]
[Black "Tran Tuan Minh"]
[Result "1/2-1/2"]
[WhiteElo "2246"]
[BlackElo "2227"]

1.e4 e6 2.d4 d5 3.Nc3 Bb4 4.e5 b6 5.a3 Bf8 6.Bb5+ c6 7.Ba4 Ne7 8.Nce2 Nd7
9.Nf3 b5 10.Bb3 a5 11.c3 Ba6 12.O-O h6 13.Re1 Qc7 14.Bc2 c5 15.Be3 c4 16.Bd2 Nc6
17.Nf4 Be7 18.Nh5 g6 19.Ng7+ Kf8 20.Nxe6+ fxe6 21.Bxg6 Kg7 22.Bh5 Rag8 23.Re3 Rh7
24.Ne1 Kh8 25.Rh3 Nf8 26.Be8 Ng6 27.Bxc6 Qxc6 28.Rxh6 Rxh6 29.Bxh6 Qe8 30.g3 Nh4
31.Nf3 Nxf3+ 32.Qxf3 Qg6 33.Be3 Bc8 34.Re1 Bd7 35.Qf4 Kg7 36.h3 Kh7 37.Bc1 Rf8
38.Qg4 Qc2 39.Qh5+ Kg8 40.Qg4+ Kh7 41.Qh5+ Kg8 42.Qg4+  1/2-1/2

[Event "FSIMA September"]
[Site "Budapest HUN"]
[Date "2010.09.11"]
[Round "8"]
[White "Szalanczy,E"]
[Black "Tran Tuan Minh"]
[Result "1/2-1/2"]
[WhiteElo "2248"]
[BlackElo "2227"]

1.e4 e6 2.d4 d5 3.Nc3 Bb4 4.e5 b6 5.Nh3 Qd7 6.Nf4 g6 7.h4 h5 8.g4 hxg4 9.h5 Be7
10.Qxg4 g5 11.Nfe2 Nh6 12.Qg1 Rg8 13.Rh3 Nc6 14.Rg3 Nf5 15.Rg4 Bb7 16.Bxg5 Ncxd4
17.Nxd4 Nxd4 18.O-O-O Nf3 19.Bf6 O-O-O 20.Qg3 Rxg4 21.Qxg4 Bxf6 22.exf6 Nh2
23.Qg7 Nxf1 24.h6 Ba6 25.h7 Qe8 26.Ne4 Be2 27.Ng5 Qa4 28.Rxf1 Qf4+ 29.Kb1 Bxf1
30.h8=Q Rxh8 31.Qxh8+ Kb7 32.Nxf7 Qd2 33.Qh6 Qe1+ 34.Qc1 Qxf2 35.Nd8+ Kc8
36.Nxe6 Qxf6 37.Nf4 Bb5 38.Nxd5 Qe5 39.Nc3 Bc6 40.Qd2 Kb7  1/2-1/2

[Event "FSIMA September"]
[Site "Budapest HUN"]
[Date "2010.09.13"]
[Round "10"]
[White "Bubalovic,D"]
[Black "Tran Tuan Minh"]
[Result "1/2-1/2"]
[WhiteElo "2313"]
[BlackElo "2227"]

1.e4 e6 2.d4 d5 3.Nc3 Bb4 4.e5 b6 5.a3 Bf8 6.Nf3 Ne7 7.Bb5+ Nbc6 8.Ne2 Bb7
9.h4 Qd7 10.O-O O-O-O 11.Re1 Kb8 12.c3 g6 13.Bg5 Bg7 14.Bf6 Rhg8 15.Nf4 a6
16.Ba4 b5 17.Bxg7 Rxg7 18.Bc2 h6 19.a4 Nc8 20.axb5 axb5 21.Qe2 N6a7 22.Ra5 Rdg8
23.Nd3 g5 24.hxg5 hxg5 25.Nc5 Qe7 26.g4 Bc6 27.Bd3 Qe8 28.Na6+ Kb7 29.Rea1 Rh8
30.Nd2 Rh6 31.Nf1 f5 32.exf6 Rxf6 33.Nb4 Rgf7 34.Nxc6 Qxc6 35.Bxb5 Nxb5 36.Rxb5+ Nb6
37.Rc5 Qd6 38.Qa6+ Kb8 39.Rb5 Qc6 40.Rc5 Qd6 41.Rb5 Qc6 42.Rc5 Qd6  1/2-1/2

[Event "TCh-FIN 2010-11"]
[Site "Sastamala FIN"]
[Date "2010.09.19"]
[Round "2.7"]
[White "Ronka,E"]
[Black "Tolonen,L"]
[Result "0-1"]
[WhiteElo "1995"]
[BlackElo "2302"]

1.e4 e6 2.d4 d5 3.Nc3 Bb4 4.e5 Qd7 5.Qg4 f5 6.Qh5+ Qf7 7.Qf3 Nc6 8.Qd3 Nge7
9.Nf3 h6 10.h4 b6 11.a3 Bxc3+ 12.Qxc3 Bb7 13.Bd3 O-O-O 14.g3 Kb8 15.Be3 Na5
16.b3 Rc8 17.Be2 Ka8 18.O-O-O Nac6 19.Kb1 Nb8 20.Qd2 Ba6 21.Bxa6 Nxa6 22.c4 Rhd8
23.c5 bxc5 24.Qa5 Nb8 25.Qxc5 Nd7 26.Qa5 Nc6 27.Qc3 Ncb8 28.Rc1 Qe7 29.Ka2 Nb6
30.a4 Na6 31.Qc6+ Kb8 32.Bd2 Qd7 33.a5 Qxc6 34.Rxc6 Kb7 35.Rxe6 Nd7 36.b4 Re8
37.Rxe8 Rxe8 38.Ka3 c6 39.Ne1 Nf8 40.Nd3 Ne6 41.Be3 Nac7 42.Rd1 Nb5+ 43.Kb2 Kc7
44.Nf4 Nxf4 45.Bxf4 Kd7 46.Be3 Nc7 47.Rg1 Ne6 48.Kc3 g5 49.hxg5 hxg5 50.Rh1 f4
51.gxf4 gxf4 52.Bd2 Re7 53.Rh4 Rf7 54.Kd3 Ke7 55.Rh8 Rf8 56.Rh7+ Rf7 57.Rh8 Rf8
58.Rh7+ Rf7 59.Rh4 Rf5 60.Rg4 Kf7 61.Rg1 Rh5 62.f3 Rh3 63.Rf1 a6 64.Bc3 Kg6
65.Ke2 Kf5 66.Rf2 Ng5 67.Be1 Rh1 68.Rg2 Nxf3 69.Kxf3 Rxe1 70.Re2 Rh1 71.Kg2 Rh6
72.Kf3 Rh3+ 73.Kf2 f3 74.Re1 Kf4 75.Rg1 Rh2+ 76.Kf1 Ke3 77.e6 Rf2+ 78.Ke1 Rb2  0-1

[Event "EYCC Boys U12"]
[Site "Batumi GEO"]
[Date "2010.09.20"]
[Round "1"]
[White "Paravyan,D"]
[Black "Sidabras,Jonas"]
[Result "1-0"]
[WhiteElo "2093"]
[BlackElo "1597"]

1.e4 e6 2.d4 d5 3.Nc3 Bb4 4.e5 b6 5.Qg4 Bf8 6.Bb5+ c6 7.Ba4 a5 8.Bg5 Qd7
9.Bb3 Ba6 10.Nge2 h5 11.Qf3 Be7 12.h4 g6 13.Qf4 Bxe2 14.Kxe2 Na6 15.a4 Nb4
16.Rh3 O-O-O 17.Qxf7 Bxg5 18.Qxd7+ Kxd7 19.hxg5 Rf8 20.Nd1 Rf4 21.c3 Na6
22.g3 Rf7 23.Ne3 Ne7 24.Ng4 Rc8 25.Nf6+ Kc7 26.Rah1 c5 27.g4 hxg4 28.Rh7 Rcf8
29.Bc2 cxd4 30.cxd4 Nb4 31.Bb1 Nbc6 32.Ke3 Kb7 33.R1h6 Rxh7 34.Rxh7 Kc8 35.Rg7 Rh8
36.Bxg6 Rh3+ 37.Kf4 Nxg6+ 38.Rxg6 Nxd4 39.Kxg4 Rf3 40.Rg8+ Kc7 41.g6 Rxf2
42.g7 Nf3 43.Rc8+ Kb7 44.g8=Q  1-0

[Event "EYCC Boys U18"]
[Site "Batumi GEO"]
[Date "2010.09.22"]
[Round "3"]
[White "Mammadov,A"]
[Black "Jurevicius,Tomas"]
[Result "1-0"]
[WhiteElo "2358"]
[BlackElo "2001"]

1.e4 e6 2.d4 d5 3.Nc3 Bb4 4.e5 Ne7 5.a3 Bxc3+ 6.bxc3 c5 7.Qg4 Nf5 8.Bd3 h5
9.Qf3 Nc6 10.Bxf5 exf5 11.Ne2 c4 12.h4 Be6 13.Nf4 g6 14.a4 Qa5 15.O-O O-O-O
16.Ba3 Rdg8 17.Nh3 Qxa4 18.Rfc1 Qa5 19.Be7 Qc7 20.Bf6 b5 21.Nf4 Qd7 22.Rcb1 Nb8
23.Ra5 a6 24.Qd1 Re8 25.Qc1 Rhg8 26.Qa3 Qc6 27.Ne2 f4 28.Nxf4 Bf5 29.Rb2 Kb7
30.Ra2 Ka7 31.Be7 Bc8 32.Bd6 Bb7 33.Bc5+ Ka8 34.Rb2 g5 35.hxg5 Rxg5 36.Raxb5 Reg8
37.Rxb7  1-0

[Event "EYCC Boys U12"]
[Site "Batumi GEO"]
[Date "2010.09.23"]
[Round "4"]
[White "Pak,Alexander"]
[Black "Vorontsov,P"]
[Result "1/2-1/2"]
[WhiteElo "2020"]
[BlackElo "1969"]

1.e4 e6 2.d4 d5 3.Nc3 Bb4 4.e5 Ne7 5.a3 Bxc3+ 6.bxc3 b6 7.Qg4 Nf5 8.Bd3 h5
9.Qh3 c5 10.g4 Nh4 11.Nf3 hxg4 12.Qxg4 Nxf3+ 13.Qxf3 cxd4 14.cxd4 Qc7 15.Bd2 Nc6
16.Qg4 g6 17.Rg1 Nxe5 18.Qf4 Nxd3+ 19.cxd3 Qxf4 20.Bxf4 Rh4 21.Be5 Ke7 22.Rc1 Bd7
23.Rc7 Rc8 24.Rxc8 Bxc8 25.Kd2 Bd7 26.Rc1 f6 27.Bb8 a6 28.Ke3 Rh8 29.Ba7 Rh3+
30.f3 g5 31.Bxb6 g4 32.Rf1 e5 33.dxe5 fxe5 34.d4 e4 35.Bc7 Bb5 36.Rf2 Kd7
37.Bg3 Bc4 38.Rb2 Kc6 39.Rb8 Rh6 40.a4 a5 41.Rc8+ Kb7 42.Rb8+ Ka7 43.Rb2  1/2-1/2

[Event "21st Open"]
[Site "Goch GER"]
[Date "2010.09.30"]
[Round "1.13"]
[White "Baeumler,I"]
[Black "Floeren,P"]
[Result "1-0"]
[WhiteElo "2236"]
[BlackElo "1909"]

1.e4 e6 2.d4 d5 3.Nc3 Bb4 4.e5 Ne7 5.a3 Bxc3+ 6.bxc3 c5 7.a4 Nbc6 8.Nf3 O-O
9.Bd3 f6 10.exf6 gxf6 11.Bh6 Rf7 12.O-O c4 13.Be2 Nf5 14.Bf4 Nd6 15.Re1 Ne4
16.Bxc4 Nxc3 17.Qd3 Ne4 18.Bb3 Nb4 19.Qe3 Nc6 20.c4 f5 21.Ne5 Nxe5 22.Bxe5  1-0

[Event "21st Open"]
[Site "Goch GER"]
[Date "2010.10.02"]
[Round "5.37"]
[White "Versteeg,C"]
[Black "Floeren,P"]
[Result "1/2-1/2"]
[WhiteElo "1986"]
[BlackElo "1909"]

1.e4 e6 2.d4 d5 3.Nc3 Bb4 4.e5 Ne7 5.Bd2 Bxc3 6.Bxc3 c5 7.dxc5 Nbc6 8.Nf3 b6
9.cxb6 Qxb6 10.Bd3 Bb7 11.O-O Rd8 12.b3 Ng6 13.Re1 O-O 14.Qd2 d4 15.Bb2 Qc5
16.a4 a5 17.h4 f6 18.exf6 Rxf6 19.Ng5 Nce5 20.Be4 Bxe4 21.Nxe4 Qd5 22.Nxf6+ gxf6
23.f3 Nxh4 24.Qe2 Kf7 25.Qe4 Nhxf3+ 26.gxf3 Nxf3+ 27.Kf2 Nxe1 28.Qxh7+ Ke8
29.Rxe1 Qd6 30.Qg8+ Kd7 31.Qf7+ Qe7 32.Qxe7+ Kxe7 33.Ba3+ Kf7 34.Ke2 Rc8
35.Kd2 e5 36.b4 Rc3 37.Bb2 Rc4 38.bxa5 Rc5 39.a6 Ra5 40.Ra1 Rxa6 41.Kd3 Ke6
42.c4 Rb6 43.Ra2 Rb3+ 44.Kc2 Rb4 45.Kd3 Rb3+ 46.Kd2 Rb4 47.a5 Rxc4 48.a6 Rc8
49.a7 Ra8 50.Ra5 Kd6 51.Kd3 Kc6  1/2-1/2

[Event "FSGM October"]
[Site "Budapest HUN"]
[Date "2010.10.05"]
[Round "4"]
[White "Natsidis,C"]
[Black "Bui Vinh"]
[Result "1-0"]
[WhiteElo "2318"]
[BlackElo "2449"]

1.e4 e6 2.d4 d5 3.Nc3 Bb4 4.e5 b6 5.Qg4 Bf8 6.Bg5 Qd7 7.Nf3 h6 8.Bd2 Ne7
9.Bb5 c6 10.Bd3 Ba6 11.O-O Bxd3 12.cxd3 Na6 13.Ne2 Nf5 14.Ng3 g6 15.Nxf5 gxf5
16.Qh5 O-O-O 17.Rfc1 Kb7 18.Rc2 Rc8 19.Rac1 Rc7 20.a3 c5 21.dxc5 Rxc5 22.Ng5 Be7
23.Nxf7 Rhc8 24.Rxc5 Nxc5 25.Bxh6 Nxd3 26.Rxc8 Qxc8 27.Qe2 Nc5 28.Bg5 Bf8
29.h4 Ne4 30.f3 Nxg5 31.Nxg5 Be7 32.Qd2 d4 33.f4 Qc4 34.Nf3 d3 35.Ne1 Bc5+
36.Kh2 Qe4 37.g3 Kb8 38.Nxd3 Be3 39.Qd1 Qd4 40.h5 Qd7 41.h6 a5 42.Qh5 Bg1+
43.Kxg1 Qxd3 44.Kh2 Qd2+ 45.Kh3 Qd5 46.Kh4 Qd8+ 47.Qg5 Qd5 48.Qg8+ Kb7 49.h7  1-0

[Event "Continental Class Ch"]
[Site "Arlington USA"]
[Date "2010.10.08"]
[Round "3"]
[White "Gulamali,K"]
[Black "Yang,Dar"]
[Result "0-1"]
[WhiteElo "2344"]
[BlackElo "2402"]

1.e4 e6 2.d4 d5 3.Nc3 Bb4 4.e5 Ne7 5.a3 Bxc3+ 6.bxc3 c5 7.Qg4 O-O 8.Bd3 Qa5
9.Bd2 Nbc6 10.Nf3 f5 11.exf6 Rxf6 12.Qh5 Nf5 13.O-O c4 14.Be2 Bd7 15.Ne5 Nxe5
16.dxe5 Rf7 17.Qh3 Ba4 18.Ra2 Raf8 19.Bh5 Rd7 20.f4 d4 21.Be2 Qd5 22.Rb2 Bxc2
23.Bxc4 Qxc4 24.Rxc2 dxc3 25.Qxc3 Qxc3 26.Bxc3 Ne3  0-1

[Event "TCh-SWE Elitserien 2010-11"]
[Site "Sweden SWE"]
[Date "2010.10.08"]
[Round "1"]
[White "Sagit,R"]
[Black "Virolainen,V"]
[Result "1-0"]
[WhiteElo "2404"]
[BlackElo "2127"]

1.e4 e6 2.d4 d5 3.Nc3 Bb4 4.e5 b6 5.a3 Bf8 6.Nh3 Qd7 7.b4 Ne7 8.Bb5 Nbc6
9.O-O Bb7 10.Ne2 h6 11.Ng3 g6 12.Be3 a6 13.Bd3 Nf5 14.Nxf5 gxf5 15.c3 a5
16.Bb5 Be7 17.Qd2 h5 18.Nf4 Kd8 19.Rfc1 Kc8 20.c4 axb4 21.cxd5 exd5 22.Qc2 Rxa3
23.Rxa3 bxa3 24.Qa4 Rh6 25.e6 fxe6 26.Rxc6  1-0

[Event "Continental Class Ch"]
[Site "Arlington USA"]
[Date "2010.10.09"]
[Round "5"]
[White "Bodek,Michael H"]
[Black "Yang,Dar"]
[Result "0-1"]
[WhiteElo "2207"]
[BlackElo "2402"]

1.e4 e6 2.d4 d5 3.Nc3 Bb4 4.e5 Ne7 5.a3 Bxc3+ 6.bxc3 c5 7.Qg4 O-O 8.Bd3 Qa5
9.Bd2 Nbc6 10.Nf3 f5 11.Qh5 Qa4 12.dxc5 Qg4 13.Qg5 Ng6 14.Qe3 f4 15.Qe2 Ngxe5
16.Nxe5 Qxe2+ 17.Bxe2 Nxe5 18.O-O-O b6 19.cxb6 axb6 20.c4 Ba6 21.Bc3 Bxc4
22.Rhe1 f3 23.gxf3 Nxf3 24.Bxf3 Rxf3 25.Bd4 Kf7 26.Bxb6 Raxa3 27.Bd4 g6 28.Kb2 Ra2+
29.Kc1 Ke7 30.Kd2 Kd6 31.Rb1 Rd3+ 32.Kc1 Rxd4 33.Rb6+ Kc5 34.Rexe6 Ra1+ 35.Kb2 Rdd1
36.Rbc6+ Kd4  0-1

[Event "Tatry Open"]
[Site "Tatranske Zruby CZE"]
[Date "2010.10.09"]
[Round "9"]
[White "Kubik,M"]
[Black "Papan,C"]
[Result "1-0"]
[WhiteElo "1806"]
[BlackElo "2091"]

1.e4 e6 2.d4 d5 3.Nc3 Bb4 4.e5 Ne7 5.Nf3 c5 6.a3 Bxc3+ 7.bxc3 Qc7 8.h4 Nbc6
9.Be2 Bd7 10.h5 f6 11.Bf4 cxd4 12.cxd4 O-O-O 13.Qd2 Qa5 14.c3 g5 15.Bh2 g4
16.exf6 Nf5 17.Ne5 g3 18.Bxg3 Nxg3 19.fxg3 Rhg8 20.g4 Nxe5 21.dxe5 d4 22.cxd4 Qxd2+
23.Kxd2 Bc6 24.Ke3 h6 25.Bf3 Bxf3 26.gxf3 Rd5 27.Rhg1 Rgd8 28.Rad1 b5 29.f4 Rh8
30.g5 hxg5 31.fxg5 Rxh5 32.f7 Rd8 33.g6 Rh3+ 34.Kf4  1-0

[Event "Continental Class Ch"]
[Site "Arlington USA"]
[Date "2010.10.10"]
[Round "7"]
[White "Harmon,Luke"]
[Black "Yang,Dar"]
[Result "0-1"]
[WhiteElo "2110"]
[BlackElo "2402"]

1.e4 e6 2.d4 d5 3.Nc3 Bb4 4.e5 Ne7 5.Bd2 b6 6.f4 Ba6 7.Bxa6 Nxa6 8.Nf3 Bxc3
9.bxc3 c5 10.O-O Qd7 11.Qe2 Qa4 12.Be3 Rc8 13.Ne1 cxd4 14.cxd4 Nf5 15.Qd2 Qb4
16.Qd3 Rc3 17.Qxa6 Nxe3 18.Rf2 Qb2 19.Qa4+ b5 20.Qxa7 O-O  0-1